000 01207nam a2200325 a 4500
001 000115837
003 CHAP
005 20220329144550.0
008 190715s2019 mx a |sm |||||||spa d
010 _a112298
011 _a113270
040 _cCHAP
090 _aTesis
100 1 _aMendoza González, Josías.
_9136483
245 1 0 _aProceso de certificación de calidad e inocuidad bajo la norma BRC versión 6.0 de una planta productora de cafe
_h[En línea]
_cpor Josías Mendoza González.
260 _aChapingo, Méx. :
_bEl autor,
_c2019.
500 _aPara ver el contenido del material haga clic en la liga
502 _aTesis (Ing. Agroindustrial ) -- UACH. Departamento de Ingeniería Agroindustrial
590 _aBATCH-UPD
_b05
_c20190715
_lUCH01
_h1128
590 _aE6339RRR
_b05
_c20190715
_lUCH01
_h1128
590 _aE6339RRR
_b05
_c20190715
_lUCH01
_h1128
650 1 4 _aCafé
_xCertificación.
_9135307
650 1 4 _aCafé
_xIndustria.
_917157
650 1 4 _aCafé
_xProcesado.
_917188
650 1 4 _aIndustria alimentaria
_xControl de calidad.
_9136140
856 _aFinding aid
_uhttp://10.13.5.2/tesis/sist115837.pdf
_zTeclea aquí
901 _aBK
942 _cTESIS
942 _n0
999 _c112298
_d112298